Evaluación del desempeño de un reactor secuencial discontinuo (SBR) en el sistema de tratamiento de aguas residuales industriales en una empresa productora de vidrio
Сохранить в:
| Главный автор: | |
|---|---|
| Формат: | |
| Опубликовано: |
San José, Costa Rica
2009
|
| Предметы: | |
| Метки: |
Добавить метку
Нет меток, Требуется 1-ая метка записи!
|
MARC
| LEADER | 00000nam a2200000Ia 4500 | ||
|---|---|---|---|
| 003 | 001506 | ||
| 005 | 20221231144043.0 | ||
| 008 | 140114s2009 cr a 000 ||s d | ||
| 040 | |c cru CEDI | ||
| 090 | |a TFG 6021 | ||
| 100 | |a Vargas Garita, Martha Isabel |9 3438 | ||
| 245 | |a Evaluación del desempeño de un reactor secuencial discontinuo (SBR) en el sistema de tratamiento de aguas residuales industriales en una empresa productora de vidrio | ||
| 260 | |c 2009 |b San José, Costa Rica | ||
| 300 | |a ix, 80 hojas | ||
| 500 | |a Proyecto de graduación (licenciatura en ingeniería química)--Universidad de Costa Rica. Facultad de Ingeniería. Escuela de Ingeniería Química | ||
| 650 | |x PURIFICACION DE AGUAS RESIDUALES |x AGUAS RESIDUALES |x VIDRIERA CENTROAMERICANA S.A. (COSTA RICA) |x REUTILIZACION DEL AGUA |9 3441 | ||
| 942 | |c TFG | ||
| 999 | |c 16207 |d 16207 | ||
